| 000 | 00446nam a2200157Ia 4500 | ||
|---|---|---|---|
| 005 | 20250423100421.0 | ||
| 008 | 250422s9999 xx 000 0 und d | ||
| 020 | _a0- 07- 222952- 7 | ||
| 050 | _aQA 76.76 .H94 S2527/ | ||
| 100 | _aScardina, Mark V. | ||
| 245 | 0 | _aOracle database 10g XML & SQL : design, build & manage XML applications in Java, C, C++ & PL/ SQL | |
| 260 | _bMcGraw- Hill | ||
| 260 | _c2004 | ||
| 300 | _a572 p | ||
| 942 | _cBK | ||
| 999 |
_c33239 _d33239 |
||